The 1975 Discography - Statistics

General Stats
  • This quiz has been taken 48 times
  • The average score is 36 of 70
Answer Stats
Album Discography % Correct
Sex
90%
The 1975 The 1975
90%
I Like It When You Sleep The 1975
90%
A Brief Inquiry Into Online Relationships The 1975
90%
Notes on a Conditional Form The 1975
90%
Chocolate
87%
Love It If We Made It
83%
Girls
77%
The Sound
77%
Be My Mistake
73%
Robbers
73%
If You're Too Shy (Let Me Know)
70%
Love Me
70%
It's Not Living (If It's Not With You)
67%
Nana
67%
Paris
67%
People
63%
She's American
63%
Somebody Else
63%
The Birthday Party
63%
The City
63%
Guys
60%
Menswear
60%
M.O.N.E.Y
60%
Pressure
60%
Settle Down
60%
Ugh!
60%
Give Yourself a Try
57%
Me & You Together Song
53%
Roadkill
53%
Sincerity Is Scary
53%
Talk!
53%
Heart Out
50%
How To Draw
50%
If I Believe You
50%
She Lays Down
50%
TooTimeTooTimeTooTime
50%
12
47%
A Change Of Heart
47%
Frail State of Mind
47%
The Ballad of Me and My Brain
47%
I Like It When You Sleep for you Are So Beautiful yet So Unaware of It
43%
Lostmyhead
43%
Loving Someone
43%
She Way Out
43%
The Man Who Married A Robot
43%
An Encounter
40%
I Always Wanna Die (Sometimes)
40%
Jesus Christ 2005 God Bless America
40%
Shiny Collarbone
40%
Tonight (I Wish I Was Your Boy)
40%
Bagsy Not in Net
33%
I Couldn't Be More in Love
33%
Is There Somebody Who Can Watch You?
33%
Nothing Revealed / Everything Denied
33%
Please Be Naked
33%
This Must Be My Dream
33%
Don't Worry
30%
Mine
30%
Streaming
30%
Then Because She Goes
30%
Playing on My Mind
27%
The End (Music For Cars)
27%
I Like America & America Likes Me
23%
Inside Your Mind
23%
I Think There's Something You Should Know
23%
Surrounded by Heads and Bodies
23%
What Should I Say
23%
Having No Head
20%
Yeah I Know
17%
No matching quizzes found
Score Distribution
Percent of People with Each Score
Percentile by Number Answered
Your Score History
You have not taken this quiz